| 000 | 00960nam a2200289 i 4500 | ||
|---|---|---|---|
| 001 | bg | ||
| 003 | BPK | ||
| 005 | 20200507114812.0 | ||
| 008 | 031022s1975 pl a f |000 0 pol | ||
| 015 | _aPB 1975/4998 | ||
| 040 |
_aWA N _cBPK |
||
| 041 | 0 | _apol | |
| 080 | _a693 | ||
| 080 | _a(083.1) | ||
| 100 | 1 |
_aLenkiewicz, Władysław _d(1915-2005) _eAutor |
|
| 245 | 1 | 0 |
_aMontaż budowli z prefabrykatów żelbetowych : _bporadnik / _cWładysław Lenkiewicz, Edward Monikowski. |
| 250 | _aWyd. 3 uaktual. i uzup. | ||
| 260 |
_aWarszawa : _b"Arkady", _c1975. |
||
| 300 |
_a386, [1] s., 1 s. tabl. : _bil., tab., wykr. ; _c24 cm. |
||
| 504 | _aBibliogr. | ||
| 655 | 4 | _aPoradnik | |
| 650 | 4 | _aBudownictwo wielkopłytowe | |
| 700 | 1 | _aMonikowski, Edward. | |
| 710 | 2 |
_aWydawnictwo "Arkady". _4pbl. |
|
| 856 |
_uhttp://koha.tu.koszalin.pl/cgi-bin/koha/opac-detail.pl?biblionumber=15960 _yKatalog online BPK |
||
| 942 |
_2UKD _cKS |
||
| 999 |
_c15960 _d15960 |
||